| 000 | 00672nam a2200181 i 4500 | ||
|---|---|---|---|
| 001 | 87710 | ||
| 003 | ES-MaACL | ||
| 005 | 20230906175727.0 | ||
| 007 | t| | ||
| 008 | 041223s1968 sp ||||1| spa d | ||
| 100 | 1 |
_aLabedz, Leopold. _969230 |
|
| 245 | 1 | 3 |
_aEl revisionismo _b: ensayos sobre la historia de las ideas marxistas / _cdirigido por Leopold Labedz ; [traducción de Vicente Fernández Trelles y Luis de la Torre Andrés]. |
| 260 |
_aMadrid : _bInstituto de Estudios Políticos, _c1968. |
||
| 300 |
_a626 p. ; _c21 cm. |
||
| 700 | 1 |
_aFernández Trelles, Vicente. _950120 |
|
| 700 | 1 |
_aTorre Andrés, Luis de la. _9110763 |
|
| 852 |
_aES-MaACL _jC-35020 _bR.67452 |
||
| 999 |
_c87710 _d87710 |
||